Sweetheart Sayings Quiz Stats

 Plays Quiz Updated Feb 4, 2016

Also try: Be My Valentine!
Challenge
Share
Tweet
Embed
Score 0/15 Timer 01:30
3 Plays Today
% Correct
Be Mine
94.9%
Kiss Me
92.9%
Hug Me
91.8%
Call Me
82.5%
Miss You
81.5%
Sweet Talk
79.7%
Sweet Love
75.3%
Let's Kiss
74.3%
% Correct
Soul Mate
72.6%
First Kiss
65.9%
Angel
64.3%
URA QT
51.7%
Bear Hug
50.2%
Purr Fect
43.3%
Let's Get Busy
16.8%

You're not logged in!

Compare scores with friends on all Sporcle quizzes.
Join for Free
OR
Log In

You Might Also Like...

Show Comments

Extras

Top Quizzes Today


Score Distribution

Your Account Isn't Verified!

In order to create a playlist on Sporcle, you need to verify the email address you used during registration. Go to your Sporcle Settings to finish the process.

Report this User

Report this user for behavior that violates our Community Guidelines.

Details: